Supervised industrial training program of bachelor of technology in University of Rizal System (Record no. 15637)
[ view plain ]
| 000 -LEADER | |
|---|---|
| fixed length control field | 00439nam a22001217a 4500 |
| 082 ## - DEWEY DECIMAL CLASSIFICATION NUMBER | |
| Classification number | 331.25 |
| Item number | P34s |
| 100 1# - MAIN ENTRY--PERSONAL NAME | |
| Personal name | Pedrosa, Francisco M. |
| 245 ## - TITLE STATEMENT | |
| Title | Supervised industrial training program of bachelor of technology in University of Rizal System |
| 260 ## - PUBLICATION, DISTRIBUTION, ETC. | |
| Place of publication, distribution, etc. | Morong, Rizal |
| Name of publisher, distributor, etc. | [publisher not identified] |
| Date of publication, distribution, etc. | 2012 |
| 300 ## - PHYSICAL DESCRIPTION | |
| Extent | 76 leaves ; |
| Dimensions | 28 cm. Thesis (M.Ed.) - Tomas Claudio Memorial College. |
| 650 ## - SUBJECT ADDED ENTRY--TOPICAL TERM | |
| Topical term or geographic name entry element | Occupational training. |
| 942 ## - ADDED ENTRY ELEMENTS (KOHA) | |
| Koha item type | Theses and dissertations |
| Withdrawn status | Damaged status | Not for loan | Collection code | Home library | Current library | Date acquired | Total Checkouts | Full call number | Barcode | Date last seen | Price effective from | Koha item type |
|---|---|---|---|---|---|---|---|---|---|---|---|---|
| Reference | Morong Graduate Library | Morong Graduate Library | 02/04/2015 | 331.25 P34s 2012 | URSMOR-GL-04687 | 02/04/2015 | 02/27/2019 | Theses and dissertations |